Castes and tribes of southern India (Record no. 422950)

000 -LEADER
fixed length control field 00520cam a22001697a 4500
008 - FIXED-LENGTH DATA ELEMENTS--GENERAL INFORMATION
fixed length control field 180718b1975 xxu||||| |||| 00| 0 eng d
082 ## - DEWEY DECIMAL CLASSIFICATION NUMBER
Classification number BA27x545 T427/1
100 ## - MAIN ENTRY--PERSONAL NAME
Personal name Thurston, Edgar
245 ## - TITLE STATEMENT
Title Castes and tribes of southern India
Statement of responsibility, etc. by Edgar Thurston
260 ## - PUBLICATION, DISTRIBUTION, ETC.
Place of publication, distribution, etc. Delhi
Name of publisher, distributor, etc. Cosmo
Date of publication, distribution, etc. 1975
300 ## - PHYSICAL DESCRIPTION
Extent 7v
500 ## - GENERAL NOTE
General note Contents: Volume I. A and B, 397p
650 ## - SUBJECT ADDED ENTRY--TOPICAL TERM
Topical term or geographic name entry element India, South --Social life and customs.
650 ## - SUBJECT ADDED ENTRY--TOPICAL TERM
Topical term or geographic name entry element Ethnology --India, South
650 ## - SUBJECT ADDED ENTRY--TOPICAL TERM
Topical term or geographic name entry element Tribes --India, South
650 ## - SUBJECT ADDED ENTRY--TOPICAL TERM
Topical term or geographic name entry element Caste --India, South
Holdings
Withdrawn status Lost status Damaged status Not for loan Permanent Location Current Location Date acquired Full call number Barcode Date last seen Price effective from Koha item type
        Indian Institute of Public Administration Indian Institute of Public Administration 2009-08-28 BA27x545 T427/7 50625 2018-07-21 2018-07-21 Book
        Indian Institute of Public Administration Indian Institute of Public Administration 2009-08-28 BA27x545 T427/6 50624 2018-07-21 2018-07-21 Book
        Indian Institute of Public Administration Indian Institute of Public Administration 2009-08-28 BA27x545 T427/5 50623 2018-07-21 2018-07-21 Book
        Indian Institute of Public Administration Indian Institute of Public Administration 2009-08-28 BA27x545 T427/4 50622 2018-07-21 2018-07-21 Book
        Indian Institute of Public Administration Indian Institute of Public Administration 2009-08-28 BA27x545 T427/3 50621 2018-07-21 2018-07-21 Book
        Indian Institute of Public Administration Indian Institute of Public Administration 2009-08-28 BA27x545 T427/2 50620 2018-07-21 2018-07-21 Book
        Indian Institute of Public Administration Indian Institute of Public Administration 2009-08-28 BA27x545 T427/1 50619 2018-07-21 2018-07-21 Book

Powered by Koha